Регионална библиотека "Любен Каравелов" - Русе

Избрани произведения (Запис номер 133123)

MARC детайли
000 -Лидер
Контролно поле с фиксирана дължина nam a22 a 4500
003 - Код на организацията, давaща контролен номер
Контролно поле BLK
005 - Дата и час на последна редакция
Контролно поле 20211018164636.0
008 - Елементи от данни с фиксирана дължина
fixed length control field 180409b bul|||||r ||||||| ||bul||
010 ## - Наследен системен номер
LC control number KNG00139013000
040 ## - Източник на каталожния запис
Идентификатор на билиотеката - собственик на записа BLK
041 ## - Код за език
Код за езика на текст/звукозапис или на отделно заглавие Български
Код за езика КДБФ Български
080 ## - УДК
Текстов определител УДК Обща история на философията
УДК код - определител по УДК 101(091)
УДК определител (497.2)(081.2)
УДК - код + определител 101(091)(497.2)(081.2)
080 ## - УДК
Текстов определител УДК Естетика
УДК код - определител по УДК 18
УДК - код + определител 18
100 1# - Редна дума - Автор
Автор Павлов, Тодор Димитров
Авторска отговорност първи автор
R(LIN) 378075
139 ## - Редно поле
Редна дума Павлов, Тодор Димитров
Авторски знак Павло - П 13
245 10 - Сведения за заглавието
Заглавие Избрани произведения
Подзаглавни данни Т. 1 -
Редно поле (дума) Тодор Димитров Павлов.
Том Т. 6
Заглавие на том Философия и естетика : Теор. студии, статии, докл. и други
257 ## - Страна на издаване
Страна на създаване/издаване България
260 ## - Област на издателските данни
Място на издаване, разпространение и проч. София
Име на издателя, разпространителя и проч. БАН
Година на издаване 1963
300 ## - Физическа характеристика
Размери/Мащаб 22 см
380 ## - Жанр
Жанр Философия
500 ## - Общи забележки
Забележка 3 000 тир. - Съдържа философски и публицистични трудове, разпределени в няколко дяла : Против фашизма и фашистката идеология ; Спинозизъм и диалектически материализъм ; Диалектически материализъм и другите философски учения ; Ремкеанство и материализъм.
650 #4 - Допълнително описание по предмет – тема
Основно описание – тема или топоним Философия
9 (RLIN) 175490
650 #4 - Допълнително описание по предмет – тема
Основно описание – тема или топоним Естетика
9 (RLIN) 155058
651 #4 - Допълнително описание по предмет - топоним
Географско понятие България
9 (RLIN) 241624
653 ## - Ключова дума – ненормативна
Ключова дума философия
653 ## - Ключова дума – ненормативна
Ключова дума естетика
653 ## - Ключова дума – ненормативна
Ключова дума българска философия
760 1# - Описание на основната серия
Редна дума на основното описание Павлов, Тодор Димитров
Място на издаване, издател и година 1963
Страници - том 718 с.
Част - том Т. 6
Заглавие Философия и естетика : Теор. студии, статии, докл. и други
852 ## - Местоположение
Форматна сигнатура Цб 7843
Фондова буква Хранилище
856 4# - Електронен адрес и достъп
Електронен формат pdf - файл
856 4# - Електронен адрес и достъп
Електронен формат pdf - файл
999 ## - СИСТЕМНИ КОНТРОЛНИ НОМЕРА
Koha biblionumber 133123
Koha biblioitemnumber 133123
942 ## - АРТИКУЛИ
Вид на библиотечния материал Книги
Скрит в OPAC Не
Периодичен библиозапис Да
944 ## - СЪЗДАВАНЕ И РЕДАКЦИЯ на ЗАПИСА
Създаване/Редакция Създаване
Дата на регистрацията/редакция 05.02.2013
Статус, дата на статуса 05.02.2013 - от С1,Р / 05.02.2013
Служител, извършил регистрацията/редакцията Людмила_Стоянова
944 ## - СЪЗДАВАНЕ И РЕДАКЦИЯ на ЗАПИСА
Създаване/Редакция Редакция
Дата на регистрацията/редакция 05.02.2013
Статус, дата на статуса 05.02.2013 - от С1,Р / 05.02.2013
999 ## - СИСТЕМНИ КОНТРОЛНИ НОМЕРА
Koha biblioitemnumber 133123
Наличности
Код за отписване Код за изгубен артикул Източник на класификационната схема Код за повреда Коз за рестрикции Код за отдаване Артикулен № Име на библиотеката - собственик Име на библиотеката, в която се намира в момента Статус (Текущо местоположение) Дата на вписване в системата Местоположение - отдел Цена в лева Инвентарен номер Систематично азбучна сигнатура Баркод Номер на екземпляра Цена в евро Служебна бележка Служебен тип на артикула
  Не е изгубен Universal Decimal Classification Не е повреден само за читалня ползва се в читалня 217107 Регионална библиотека "Любен Каравелов" Русе Регионална библиотека "Любен Каравелов" Русе Хранилище 1963-01-01 Хранилище 4.75 6164/63 Цб 7843 900000080705 1 2.43 N: стар фонд Дата: 01.01.1963 Книги
Изтеглен Не е изгубен Universal Decimal Classification Не е повреден без рестрикции ползва се в читалня 217108 Регионална библиотека "Любен Каравелов" Русе Регионална библиотека "Любен Каравелов" Русе Заемна - подръчен фонд 1963-01-01 Заемна - подръчен фонд 0.00 4598/63 Цб 7843 4598/63 2 0.00 N: стар фонд Дата: 01.01.1963 Книги
Vip Innovations Ltd, Rousse, Bulgaria 2025